ՀՀ Գիտությունների ազգային ակադեմիայի հիմնարար գիտական գրադարան  =   Fundamental Scientific Library of NAS RA
Normal view MARC view

Entry Personal Name

Number of records used in: 7

001 - CONTROL NUMBER

  • control field: 6165

003 - CONTROL NUMBER IDENTIFIER

  • control field: AM-YEHGA

005 - DATE AND TIME OF LATEST TRANSACTION

  • control field: 20250617070505.0

008 - FIXED-LENGTH DATA ELEMENTS

  • fixed length control field: 150212|| aca||aabn | a|a d

040 ## - CATALOGING SOURCE

  • Original cataloging agency: AM-YEHGA

100 1# - HEADING--PERSONAL NAME

  • Personal name: Մսերեան, Գրիգոր,
  • Dates associated with a name: 1846-1893

370 ## - ASSOCIATED PLACE

  • Place of birth: Զմյուռնիա, Թուրքիա
  • Place of death: Զմյուռնիա, Թուրքիա

373 ## - ASSOCIATED GROUP

  • Associated group: Աղաբեկյան-Մամուրյան վարժարան (Զմյուռնիա)
  • Associated group: Մեսրոպյան վարժարան (Զմյուռնիա)

374 ## - OCCUPATION

  • Occupation: Խմբագիր, հրատարակիչ
  • Occupation: Թարգմանիչ

375 ## - GENDER

  • Gender: Արական

377 ## - ASSOCIATED LANGUAGE

  • Language code: armfre

400 1# - SEE FROM TRACING--PERSONAL NAME

  • Personal name: Մսերյան, Գրիգոր Ղազարոսի,
  • Dates associated with a name: 1846-1893

400 1# - SEE FROM TRACING--PERSONAL NAME

  • Personal name: Մսերեանց, Գրիգոր,
  • Dates associated with a name: 1846-1893

400 1# - SEE FROM TRACING--PERSONAL NAME

  • Personal name: Մսեր, Գր.
  • Fuller form of name: (Գրիգոր),
  • Dates associated with a name: 1846-1893

400 1# - SEE FROM TRACING--PERSONAL NAME

  • Personal name: Մսերեան, Գ.
  • Fuller form of name: (Գրիգոր),
  • Dates associated with a name: 1846-1893

400 1# - SEE FROM TRACING--PERSONAL NAME

  • Personal name: Մսերեան, Գ.
  • Fuller form of name: (Գրիգոր),
  • Dates associated with a name: 1846-1893

400 1# - SEE FROM TRACING--PERSONAL NAME

  • Personal name: Մսերեան,
  • Dates associated with a name: 1846-1893

400 0# - SEE FROM TRACING--PERSONAL NAME

  • Personal name: Գ. Մ.
  • Fuller form of name: (Գրիգոր Մսերյան),
  • Dates associated with a name: 1846-1893

670 ## - SOURCE DATA FOUND

  • Uniform Resource Identifier: <a href="http://hy.wikipedia.org/wiki/Գրիգոր_Մսերյան" target="_blank">Վիքիպեդիա</a>

670 ## - SOURCE DATA FOUND

  • Source citation: Ով ով է, Հայեր, Կենսագրական հանրագիտարան, հտ. 2-րդ.-Երևան, 2007:
  • Information found: Մսերյան Գրիգոր (1846, Զմյուռնիա - 15.8.1893, Զմյուռնիա), խմբագիր, հրատարակիչ, թարգմանիչ, հաս. գործիչ: Աշխատակցել է «Ծաղիկ», «Արևելյան մամուլ», «Մետեորա» հանդեսներին:

670 ## - SOURCE DATA FOUND

  • Source citation: Բ. Մ. Հովակիմյան / Հայոց ծածկանունների բառարան.-Երևան, 2005, էջ 679 :
  • Information found: Ծածկ. 1) Ասողիկ; 2) Գ. Մ.; 3) Էմին; 4) Մսեր., Գ. (Գր.); 5) Մսեր Գր.; 6) Սյունի:

670 ## - SOURCE DATA FOUND

  • Source citation: Հետվիճի երդումը.-Զմյուռնիա, 1875:
  • Information found: տիտղթ. (թարգմ.՝ Գ. Մսերեան)


ՀՀ ԳԱԱ հիմնարար գիտական գրադարան
ՀՀ,Երևան 0019
Մարշալ Բաղրամյան 24/6
հեռախոս:(374-10) 52-47-50
Հետադարձ կապ

All site content, except where otherwise noted, is licensed under a
Creative Commons License